| 000 | 00992nas a2200337 4500 | ||
|---|---|---|---|
| 001 | BR0905586 | ||
| 003 | BR-BrBNA | ||
| 005 | 20231205113716.0 | ||
| 007 | ta | ||
| 008 | 230509b bl.|||p| |||| 00| 00por d | ||
| 040 |
_aBR-BrBNA _bpor _cBiblioteca Nacional de Agricultura |
||
| 041 | _a(Pt) | ||
| 072 | _aF61 | ||
| 100 | 1 | _aNascimento, R. do | |
| 100 | 1 | _aDeuner, S. | |
| 100 | 1 | _aFerreira, L.S. | |
| 100 | 1 | _aBadinelli, P.G. | |
| 100 | 1 | _aKerber, R.S. | |
| 245 | 1 | _aCrescimento e teores de clorofila e carotenóides em três cultivares de soja em função da adubação com magnésio | |
| 650 | _aSOJA | ||
| 650 | _aCRESCIMENTO | ||
| 650 | _aCLOROFILA | ||
| 650 | _aVARIEDADE | ||
| 650 | _aABSORÇÃO DE NUTRIENTES | ||
| 650 | _aADUBAÇÃO | ||
| 650 | _aMAGNÉSIO | ||
| 650 | _aÁREA FOLIAR | ||
| 773 | 0 |
_tRevista Ceres (Brazil) _xISSN 0034-737X _g(May-Jun 2009), v. 56(3) p. 364-369 _wBR0905586 |
|
| 909 |
_a202311 _bLúcia _c55 _dLúcia Elande |
||
| 942 |
_2AGRIS _n0 _cANA |
||
| 999 |
_c205170 _d205170 |
||